00972nam a2200277 a 4500008004100000020003200041040002500073041001300098044001100111080001700122080001000139080001100149080000800160080001100168100003500179245008800214250001300302260004900315300002800364500013500392700002500527700002400552958000600576999001700582952009500599951123s1983||||[C 0 slo c c17 Kčs. q(18000 výtl.) aSNKbslocSNKeAACR21 aslohrus axocSK a141.82:162.6 a162.6 a141.82 a301 a165.641 aLenin, Vladimir Iľjič4aut10aZobrané spisy. /Zv./ 18cVladimir Iľjič Lenin ; Miroslav Neman, Oto Takáč a2., vyd. aBratislavabPravdac1983eBratislavafPravda a603 s., 28,96 AHc21 cm aLit. 235. Pozn. Reg. men. a lit. prác a prameňov. Údaje o práci V.I. Lenina. Fak 235 zázn. v slov., angl., nem. a franc.1 aNeman, Miroslav4trl1 aTakáč, Oto4bkd aA c15439d15439 011040708Ka10000b10000d2019-11-29g17.00i14464oK 017r2019-11-29w2019-11-29yOLDO